India who's who 2000-2001 (Record no. 15353)

MARC details
000 -LEADER
fixed length control field 00380nam a2200145Ia 4500
082 ## - DEWEY DECIMAL CLASSIFICATION NUMBER
Classification number RR 920.054 IND;
245 #0 - TITLE STATEMENT
Title India who's who 2000-2001
250 ## - EDITION STATEMENT
Edition statement 26th
260 ## - PUBLICATION, DISTRIBUTION, ETC. (IMPRINT)
Place of publication New Delhi
Name of publisher INFA Publications
Year of publication 2001
300 ## - PHYSICAL DESCRIPTION
Number of Pages xlviii, 208+270p.
650 ## - SUBJECT ADDED ENTRY--TOPICAL TERM
Topical Term India - Biography - Directories
650 ## - SUBJECT ADDED ENTRY--TOPICAL TERM
Topical Term Celebrities - Biography
650 ## - SUBJECT ADDED ENTRY--TOPICAL TERM
Topical Term Biography - 2000-2001
942 ## - ADDED ENTRY ELEMENTS (KOHA)
Koha item type Books
Holdings
Withdrawn status Lost status Damaged status Not for loan Home library Current library Date acquired Bill Date Full call number Accession Number Price effective from Koha item type
        NASSDOC Library NASSDOC Library 08/06/2004 2004-10-05 RR 920.054 IND; 37838 18/04/2019 Books